[Event "ROM-ch"]
[Site "Olanesti"]
[Date "2018.05.19"]
[Round "6"]
[White "Pribeanu, Mihai Dacian"]
[Black "Toma, Mihail"]
[Result "1-0"]
[WhiteElo "2119"]
[BlackElo "1835"]
[PlyCount "109"]
[EventDate "2018.05.14"]
[EventType "swiss"]
[EventRounds "9"]
[EventCountry "ROU"]
[SourceTitle "CBM 184 Extra"]
[Source "ChessBase"]
[SourceDate "2018.06.28"]
[SourceVersion "1"]
[SourceVersionDate "2018.06.28"]
[SourceQuality "1"]

1. e4 d5 2. exd5 Qxd5 3. Nc3 Qa5 4. d4 Nf6 5. Nf3 Bf5 6. Ne5 c6 7. Nc4 Qc7 8. g3 Nd5 9. Bg2 e6 10. 0-0 Be7 11. Nxd5 cxd5 12. Ne3 Bg6 13. f4 0-0 14. f5 Bxf5 15. Nxf5 exf5 16. Rxf5 Nc6 17. c3 g6 18. Rxd5 Rad8 19. Bf4 Qb6 20. Qb3 Rxd5 21. Qxb6 axb6 22. Bxd5 b5 23. a3 Kg7 24. Bg2 g5 25. Bc7 Rc8 26. Bb6 Bd8 27. Bxd8 Rxd8 28. Rf1 f6 29. Rf5 b4 30. axb4 Ra8 31. Bxc6 bxc6 32. Rc5 Ra2 33. b5 cxb5 34. Rxb5 Kg6 35. g4 h5 36. h3 Ra1+ 37. Kg2 Rd1 38. Rf5 hxg4 39. hxg4 Rd3 40. Rf2 Kf7 41. Re2 Kg6 42. Kf2 Kf7 43. Ke1 Kg6 44. Re4 Kf7 45. Ke2 Rh3 46. Kd2 Rh2+ 47. Re2 Rh4 48. Rg2 Kg6 49. d5 f5 50. d6 fxg4 51. d7 Rh8 52. Rxg4 Kf5 53. Rd4 Rd8 54. Ke2 Ke6 55. Kf3 1-0

[Event "ROM-ch"]
[Site "Olanesti"]
[Date "2018.05.16"]
[Round "3"]
[White "Toma, Mihail"]
[Black "Rusan, Paul Cristian"]
[Result "1-0"]
[WhiteElo "1835"]
[BlackElo "2213"]
[PlyCount "95"]
[EventDate "2018.05.14"]
[EventType "swiss"]
[EventRounds "9"]
[EventCountry "ROU"]
[SourceTitle "CBM 184 Extra"]
[Source "ChessBase"]
[SourceDate "2018.06.28"]
[SourceVersion "1"]
[SourceVersionDate "2018.06.28"]
[SourceQuality "1"]

1. d4 f5 2. Bg5 d6 3. Nc3 h6 4. Bf4 Nf6 5. Qd3 Nc6 6. d5 e5 7. dxc6 exf4 8. cxb7 Bxb7 9. Qb5+ c6 10. Qxb7 Rc8 11. Nf3 g6 12. Nd4 Rh7 13. Qa6 Qd7 14. g3 fxg3 15. hxg3 d5 16. e3 Bb4 17. Bd3 Ne4 18. Bxe4 fxe4 19. a3 Bxc3+ 20. bxc3 h5 21. Rb1 Rf7 22. Rh4 Kf8 23. Rf4 Rc7 24. Rxf7+ Kxf7 25. Rb8 Kg7 26. Qa5 Kf7 27. Rh8 Kg7 28. Qxc7 Qxc7 29. Ne6+ Kxh8 30. Nxc7 Kg7 31. Ne6+ Kf6 32. Nd8 c5 33. Nc6 a6 34. Nb8 Ke6 35. Nxa6 Kd6 36. Ke2 Kc6 37. f3 Kb6 38. fxe4 dxe4 39. Nb4 cxb4 40. cxb4 Kb5 41. g4 h4 42. g5 Kc4 43. Kf2 Kc3 44. b5 h3 45. b6 h2 46. Kg2 Kd2 47. b7 Kxe3 48. b8Q 1-0

[Event "ROM-ch"]
[Site "Olanesti"]
[Date "2016.04.09"]
[Round "8"]
[White "Ognean, Mihnea Ionut"]
[Black "Toma, Mihail"]
[Result "1-0"]
[WhiteElo "2059"]
[BlackElo "1872"]
[PlyCount "81"]
[EventDate "2016.04.02"]
[EventType "swiss"]
[EventRounds "9"]
[EventCountry "ROU"]
[SourceTitle "CBM 171 Extra"]
[Source "ChessBase"]
[SourceDate "2016.04.26"]
[SourceVersion "1"]
[SourceVersionDate "2016.04.26"]
[SourceQuality "1"]

1. e4 d5 2. exd5 Qxd5 3. Nc3 Qa5 4. d4 Nf6 5. Nf3 Bf5 6. Bc4 e6 7. Bd2 c6 8. Nd5 Qd8 9. Nxf6+ gxf6 10. Bb3 Rg8 11. Qe2 Bd6 12. 0-0-0 Qe7 13. Nh4 Bg6 14. Nxg6 hxg6 15. h4 Nd7 16. g4 0-0-0 17. h5 Nf8 18. Be3 Kb8 19. Kb1 Qc7 20. Qf3 Qe7 21. c3 Rc8 22. Rd2 Ka8 23. Bc2 Kb8 24. a3 Ka8 25. Re2 Re8 26. Rd1 Qd8 27. c4 Kb8 28. Bd2 gxh5 29. gxh5 f5 30. d5 cxd5 31. cxd5 exd5 32. Rxe8 Qxe8 33. Bxf5 Bh2 34. Bc3 Ne6 35. Qxd5 Nc7 36. Qf3 Nb5 37. Bf6 Nd6 38. h6 Nxf5 39. Rd8+ Qxd8 40. Bxd8 Rxd8 41. Qxf5 1-0

[Event "ROM-ch"]
[Site "Olanesti"]
[Date "2016.04.04"]
[Round "3"]
[White "Banzea, Alexandru Bogdan"]
[Black "Toma, Mihail"]
[Result "1-0"]
[WhiteElo "2258"]
[BlackElo "1872"]
[PlyCount "59"]
[EventDate "2016.04.02"]
[EventType "swiss"]
[EventRounds "9"]
[EventCountry "ROU"]
[SourceTitle "CBM 171 Extra"]
[Source "ChessBase"]
[SourceDate "2016.04.26"]
[SourceVersion "1"]
[SourceVersionDate "2016.04.26"]
[SourceQuality "1"]

1. e4 d5 2. exd5 Qxd5 3. Nc3 Qa5 4. d4 Nf6 5. Nf3 Bf5 6. Ne5 c6 7. g4 Be6 8. Bc4 Bxc4 9. Nxc4 Qc7 10. Qf3 e6 11. Bf4 Qd8 12. 0-0-0 Be7 13. h4 Nd5 14. Ne4 Nxf4 15. Qxf4 0-0 16. g5 b5 17. Ne5 f6 18. gxf6 Bxf6 19. Rhg1 a5 20. Ng4 Kh8 21. Ngxf6 gxf6 22. Nc5 Qd5 23. Qc7 Nd7 24. Qxd7 Qxd7 25. Nxd7 Rf7 26. Nc5 Re8 27. Rde1 e5 28. f4 e4 29. Rxe4 Rxe4 30. Nxe4 1-0

[Event "ROM-ch"]
[Site "Targu Mures"]
[Date "2014.05.04"]
[Round "11"]
[White "Farcadi, Hunor"]
[Black "Toma, Mihail"]
[Result "1/2-1/2"]
[WhiteElo "1372"]
[BlackElo "1897"]
[PlyCount "46"]
[EventDate "2014.04.26"]
[EventType "swiss"]
[EventRounds "11"]
[EventCountry "ROU"]
[SourceTitle "CBM 160 Extra"]
[Source "ChessBase"]
[SourceDate "2014.07.01"]
[SourceVersion "1"]
[SourceVersionDate "2014.07.01"]
[SourceQuality "1"]

1. e4 d5 2. exd5 Qxd5 3. Nc3 Qa5 4. d4 Nf6 5. Bc4 Bf5 6. Nf3 e6 7. 0-0 c6 8. Bf4 Nbd7 9. a3 Be7 10. Re1 Bg4 11. h3 Qf5 12. Bg3 Bxf3 13. Qxf3 Qxf3 14. gxf3 Nb6 15. Bb3 0-0-0 16. Rad1 Nh5 17. Ne2 Nxg3 18. fxg3 c5 19. dxc5 Bxc5+ 20. Kg2 Rxd1 21. Rxd1 Rd8 22. Rxd8+ Kxd8 23. f4 Ke7 1/2-1/2

[Event "ROM-ch"]
[Site "Targu Mures"]
[Date "2014.05.02"]
[Round "9"]
[White "David, Bogdan Emanuel"]
[Black "Toma, Mihail"]
[Result "1-0"]
[WhiteElo "1761"]
[BlackElo "1897"]
[PlyCount "59"]
[EventDate "2014.04.26"]
[EventType "swiss"]
[EventRounds "11"]
[EventCountry "ROU"]
[SourceTitle "CBM 160 Extra"]
[Source "ChessBase"]
[SourceDate "2014.07.01"]
[SourceVersion "1"]
[SourceVersionDate "2014.07.01"]
[SourceQuality "1"]

1. e4 d5 2. exd5 Qxd5 3. Nf3 Nf6 4. d4 Bf5 5. c4 Qd8 6. Nc3 e6 7. Be2 c6 8. 0-0 Nbd7 9. Bf4 h6 10. Re1 g5 11. Bg3 Nh5 12. d5 Nxg3 13. fxg3 Qb6+ 14. Kh1 0-0-0 15. dxc6 Qxc6 16. Nd4 Qc5 17. Nxf5 Qxf5 18. Rf1 Qg6 19. Qa4 Kb8 20. Rad1 Kc8 21. Qxa7 Bc5 22. Qa8+ Nb8 23. Bf3 Rd5 24. cxd5 g4 25. Be4 f5 26. Bb1 Rd8 27. dxe6 Rxd1 28. Nxd1 Qf6 29. Qa5 b6 30. Qc3 1-0

[Event "ROM-ch"]
[Site "Targu Mures"]
[Date "2014.04.26"]
[Round "1"]
[White "Stanciu, Alexandru Ovidiu"]
[Black "Toma, Mihail"]
[Result "1-0"]
[WhiteElo "2343"]
[BlackElo "1897"]
[PlyCount "77"]
[EventDate "2014.04.26"]
[EventType "swiss"]
[EventRounds "11"]
[EventCountry "ROU"]
[SourceTitle "CBM 160 Extra"]
[Source "ChessBase"]
[SourceDate "2014.07.01"]
[SourceVersion "1"]
[SourceVersionDate "2014.07.01"]
[SourceQuality "1"]

1. d4 Nf6 2. c4 c5 3. d5 e6 4. Nf3 exd5 5. cxd5 d6 6. e4 g6 7. Bd3 Bg7 8. h3 0-0 9. 0-0 c4 10. Bc2 b5 11. Re1 Re8 12. Bg5 h6 13. Bd2 a5 14. Na3 Ba6 15. b3 Nfd7 16. bxc4 b4 17. Nb5 Bxb5 18. cxb5 Bxa1 19. Qxa1 Kh7 20. Bf4 Nf6 21. Qd4 Nh5 22. Bh2 Qc7 23. Ba4 Rd8 24. g4 Ng7 25. e5 Nd7 26. exd6 Qb6 27. Re7 Qxd4 28. Nxd4 Nb6 29. Bc2 Rd7 30. Nc6 Kg8 31. Bf4 h5 32. Be3 Rxd6 33. Bxb6 Rxd5 34. Bb3 Rxb5 35. Bxf7+ Kf8 36. Bd4 Ne8 37. Bc4 Rab8 38. Rf7+ Kg8 39. Ne7# 1-0

[Event "Radulescu Memorial 14th"]
[Site "Ramnicul Valcea"]
[Date "2014.02.01"]
[Round "4"]
[White "Toma, Mihail"]
[Black "Martian, Dragos Daniel"]
[Result "0-1"]
[WhiteElo "1906"]
[BlackElo "2188"]
[PlyCount "90"]
[EventDate "2014.01.30"]
[EventType "swiss"]
[EventRounds "7"]
[EventCountry "ROU"]
[SourceTitle "EXT 2015"]
[Source "ChessBase"]
[SourceDate "2014.11.20"]
[SourceVersion "1"]
[SourceVersionDate "2014.11.20"]
[SourceQuality "1"]

1. d4 Nf6 2. Nf3 e6 3. Bg5 d6 4. e3 Nbd7 5. Nbd2 h6 6. Bxf6 Nxf6 7. Bd3 g6 8. 0-0 Bg7 9. c3 0-0 10. Ne4 Bd7 11. Nxf6+ Qxf6 12. Qb3 Rab8 13. a4 Kh8 14. Nd2 e5 15. d5 Qe7 16. e4 f5 17. Qc2 c6 18. c4 f4 19. f3 Bf6 20. b4 g5 21. h3 h5 22. Kf2 g4 23. hxg4 hxg4 24. Rh1+ Kg7 25. dxc6 bxc6 26. b5 Qd8 27. Rh5 Bh4+ 28. Ke2 Kg6 29. Rf5 Bxf5 30. exf5+ Kg7 31. Ne4 Rxf5 32. fxg4 Rf7 33. c5 d5 34. Nd6 e4 35. Nxf7 Kxf7 36. Bc4 Qf6 37. Rf1 dxc4 38. Qxc4+ Kf8 39. Qb3 Re8 40. b6 f3+ 41. Kd2 Qd4+ 42. Kc2 Qxc5+ 43. Qc3 Qxc3+ 44. Kxc3 axb6 45. gxf3 e3 0-1

[Event "ROM-ch"]
[Site "Sarata Monteoru"]
[Date "2012.02.18"]
[Round "8"]
[White "Patrascu, Catalin Lucian"]
[Black "Toma, Mihail"]
[Result "1/2-1/2"]
[WhiteElo "1816"]
[BlackElo "1964"]
[PlyCount "55"]
[EventDate "2012.02.13"]
[EventType "swiss"]
[EventRounds "11"]
[EventCountry "ROU"]
[SourceTitle "CBM 147 Extra"]
[Source "ChessBase"]
[SourceDate "2012.04.24"]
[SourceVersion "1"]
[SourceVersionDate "2012.04.24"]
[SourceQuality "1"]

1. e4 d5 2. exd5 Qxd5 3. Nc3 Qa5 4. Bc4 Nf6 5. d4 c6 6. Bd2 Bf5 7. Nf3 e6 8. Ne5 Qb6 9. Bc1 Nbd7 10. 0-0 Nxe5 11. dxe5 Nd7 12. Qe2 0-0-0 13. a3 h5 14. b4 Qd4 15. Bb2 Qxe5 16. Qxe5 Nxe5 17. Bb3 Bd6 18. Ne2 Bc7 19. Rfe1 Ng4 20. Ng3 Rd2 21. Nxf5 exf5 22. h3 Nxf2 23. Bc3 Rhd8 24. Bxd2 Rxd2 25. Re8+ Kd7 26. Rae1 Ne4 27. Rf8 Bb6+ 28. Kh2 1/2-1/2

[Event "ROM-ch"]
[Site "Sarata Monteoru"]
[Date "2012.02.14"]
[Round "2"]
[White "Mihalea, Stefan"]
[Black "Toma, Mihail"]
[Result "1/2-1/2"]
[WhiteElo "1723"]
[BlackElo "1964"]
[PlyCount "118"]
[EventDate "2012.02.13"]
[EventType "swiss"]
[EventRounds "11"]
[EventCountry "ROU"]
[SourceTitle "CBM 147 Extra"]
[Source "ChessBase"]
[SourceDate "2012.04.24"]
[SourceVersion "1"]
[SourceVersionDate "2012.04.24"]
[SourceQuality "1"]

1. c4 c5 2. Nc3 Nc6 3. Nf3 e5 4. d3 g6 5. b3 Bg7 6. Bb2 d6 7. e3 Nge7 8. Nd5 0-0 9. e4 a5 10. Be2 Bd7 11. 0-0 Nxd5 12. cxd5 Nd4 13. Ba3 b5 14. Nxd4 exd4 15. f4 Qb6 16. Rb1 b4 17. Bc1 f5 18. exf5 Bxf5 19. Bg4 a4 20. Bxf5 Rxf5 21. Qf3 axb3 22. axb3 Ra2 23. Re1 Rf8 24. Qe4 Qa6 25. Bb2 Qc8 26. Qe7 Qd8 27. Qe6+ Kh8 28. g3 Rf6 29. Qe2 Rf8 30. Ra1 Rxa1 31. Rxa1 Re8 32. Qg4 Qe7 33. Qe6 Qd8 34. Qf7 Qe7 35. Qxe7 Rxe7 36. Ra8+ Bf8 37. Rxf8+ Kg7 38. Rd8 Re2 39. Bxd4+ cxd4 40. Rxd6 Rb2 41. Rb6 Rxb3 42. Kf2 Rxd3 43. Rxb4 Rd2+ 44. Kf3 Rxh2 45. Rxd4 Kf7 46. d6 Ke8 47. Ke4 Kd7 48. Ke5 Rh5+ 49. Kf6 Rf5+ 50. Kg7 Rh5 51. g4 Rh4 52. g5 Rh1 53. Rd5 Rh2 54. Kg8 Rh4 55. f5 gxf5 56. Rxf5 Kxd6 57. Rf6+ Ke5 58. Rf7 Rg4 59. Rg7 Kf5 1/2-1/2

[Event "ROM-ch op"]
[Site "Sarata Monteoru"]
[Date "2011.02.17"]
[Round "8"]
[White "Toma, Mihail"]
[Black "Marinescu, Stefan"]
[Result "1/2-1/2"]
[WhiteElo "1945"]
[BlackElo "1957"]
[PlyCount "90"]
[EventDate "2011.02.12"]
[EventType "swiss"]
[EventRounds "11"]
[EventCountry "ROU"]
[SourceTitle "EXT 2013"]
[Source "ChessBase"]
[SourceDate "2012.11.22"]
[SourceVersion "1"]
[SourceVersionDate "2012.11.22"]
[SourceQuality "1"]

1. d4 Nf6 2. Nf3 g6 3. c3 Bg7 4. Bf4 0-0 5. Nbd2 d6 6. h3 c5 7. e3 Nc6 8. Be2 Re8 9. 0-0 e5 10. dxe5 dxe5 11. Bg5 e4 12. Ne1 Qe7 13. Qc2 b6 14. g4 Bb7 15. Ng2 h6 16. Bf4 Ne5 17. Bxe5 Qxe5 18. Nc4 Qc7 19. Rfd1 Bf8 20. a4 Nd5 21. Rd2 Rad8 22. Rad1 Nf6 23. Rxd8 Rxd8 24. Rxd8 Qxd8 25. Qd2 Qxd2 26. Nxd2 Bd6 27. Ne1 Nd7 28. Nc4 Bc7 29. Na3 Ne5 30. Kf1 Bd5 31. c4 Be6 32. Nb5 Bb8 33. b3 h5 34. gxh5 Bxh3+ 35. Kg1 g5 36. Nc3 f5 37. f3 exf3 38. Nxf3 Nf7 39. Nd5 Kg7 40. Ne7 Bc7 41. Kf2 Bg4 42. Ng1 Bxe2 43. Nxe2 Nd6 44. Ng3 Ne4+ 45. Nxe4 fxe4 1/2-1/2